00325nam a2200109Ia 4500008004100000020001800041040002900059050002300088100001600111245005500127260003300182221021s9999||||xx |||||||||||||| ||und|| a0-697-03336-8 cChuka University Library aQH 317b .G37 1989 aGasque, C.E 2aA manual of laboratory experiences in cell biology aDubuquebWMC Brown Pubc1989